[Event "Grenzturnering 2122 11th"]
[Site "Denmark/Germany"]
[Date "2021.10.01"]
[Round "5"]
[White "Petersen, Olaf"]
[Black "Andersen, Baltser"]
[Result "1-0"]
[WhiteElo "1661"]
[BlackElo "1537"]
[PlyCount "67"]
[EventDate "2021.10.01"]
[EventType "swiss"]
[EventRounds "9"]
[EventCountry "DEN"]
[SourceTitle "EXT 2025"]
[Source "ChessBase"]
[SourceDate "2024.10.14"]
[SourceVersion "1"]
[SourceVersionDate "2024.10.14"]
[SourceQuality "1"]

1. e4 b6 2. Nf3 d6 3. d4 e6 4. Bd3 Be7 5. 0-0 Bb7 6. c4 Nd7 7. Bf4 c5 8. d5 e5 9. Bg3 Ngf6 10. Nc3 Nf8 11. Nd2 Bc8 12. f4 N8d7 13. Nf3 Ng4 14. Qe2 0-0 15. h3 Ngf6 16. fxe5 dxe5 17. Nxe5 Nxe5 18. Bxe5 a6 19. Bxf6 Bxf6 20. e5 Bg5 21. d6 Bb7 22. Rad1 Bc6 23. Nd5 Bxd5 24. cxd5 Bh6 25. Qe4 g6 26. Rf3 f5 27. exf6 Qxd6 28. Qe6+ Qxe6 29. dxe6 Bg5 30. e7 Rxf6 31. Bc4+ Kg7 32. Rd8 Rxf3 33. Rxa8 Be3+ 34. Kh1 1-0